00547nam a2200193Ia 4500003000900000008004100009020002100050040001600071080001600087100001900103245007900122260004200201300001600243650002100259650001800280650001900298650001900317700001700336IN-BaIIA211028s9999 xx 000 0 eng d a978-019-850886-1 cIIA Library a535.14bGAR aGarrison, J. C 0aQuantum opticscJ. C Garrison and R. Y Chiao  aOxfordbOxford University Pressc2008 axiii, 716p. aPhoton detection aQuantum noise aQuantum optics aQuantum theory aChiao, R. Y.